[Event "XIV Weekend B"]
[Site "Nichelino ITA"]
[Date "2013.10.04"]
[Round "1"]
[White "Carfagna, Alex"]
[Black "Ferraro, Federico"]
[WhiteElo "1855"]
[BlackElo "1613"]
[Result "0-1"]
[PlyCount "64"]
[EventDate "2013.10.04"]

1. e4 e6 2. d4 d5 3. e5 c5 4. c3 Nc6 5. Nf3 Qb6 6. a3 Nh6 7. b4 cxd4 8. cxd4
Nf5 9. Bb2 Bd7 10. Be2 Rc8 11. O-O Be7 12. Re1 O-O 13. g4 Nh6 14. h3 f6 15.
Nbd2 Nf7 16. Bd3 a6 17. Qb1 h6 18. Bh7+ Kh8 19. Nh4 f5 20. Ng6+ Kxh7 21. Nxf8+
Bxf8 22. gxf5 Kg8 23. Qd3 Ncd8 24. fxe6 Nxe6 25. Rac1 Rxc1 26. Rxc1 Nf4 27. Qf3
Ng5 28. Qe3 Ngxh3+ 29. Kh2 Qg6 30. Qg3 Qf5 31. Nf1 Qh5 32. Nd2 Nxf2+ 0-1

[Event "XIV Weekend B"]
[Site "Nichelino ITA"]
[Date "2013.10.04"]
[Round "1"]
[White "Fornasir, Carlo Gustavo"]
[Black "Cantamessa, Marco"]
[WhiteElo "1870"]
[BlackElo "1641"]
[Result "1-0"]
[PlyCount "107"]
[EventDate "2013.10.04"]

1. e4 c6 2. d4 d5 3. exd5 cxd5 4. c4 Nf6 5. Nc3 e6 6. Nf3 Be7 7. c5 b6 8. b4 a5
9. Bb5+ Bd7 10. Qa4 Bxb5 11. Qxb5+ Qd7 12. Qxb6 axb4 13. Ne5 Qd8 14. Qxb4 O-O
15. Rb1 Nfd7 16. Qb7 Qa5 17. Nxd7 Nxd7 18. Bd2 Ra7 19. Qb4 Qa6 20. Qb5 Nb8 21.
Bf4 Nc6 22. Qxa6 Rxa6 23. Be3 Bf6 24. Rd1 Ra3 25. Nb5 Rxa2 26. O-O Rb8 27. Rb1
Ra5 28. Nd6 Raa8 29. Nb5 Ra5 30. Nc3 Raa8 31. Ne2 Kf8 32. g3 Ke7 33. g4 g6 34.
f4 Ra2 35. Rxb8 Nxb8 36. Re1 Nc6 37. Kf1 Ra3 38. Kf2 Bh4+ 39. Ng3 Bf6 40. Ne2
Ra2 41. Kf3 Bh4 42. Rb1 Ra7 43. g5 Ra4 44. Rb6 Kd7 45. Rb7+ Ke8 46. Nc3 Ra7 47.
Rb1 Ra3 48. Nb5 Ra2 49. Nd6+ Kf8 50. Rb6 Nd8 51. Rb8 Ke7 52. Nc8+ Kd7 53. Nb6+
Kc7 54. Rc8+ 1-0

[Event "XIV Weekend B"]
[Site "Nichelino ITA"]
[Date "2013.10.04"]
[Round "1"]
[White "Lizzul Coppe, Mirko"]
[Black "Bergero, Simone"]
[WhiteElo "1641"]
[BlackElo "1859"]
[Result "1-0"]
[PlyCount "131"]
[EventDate "2013.10.04"]

1. e4 d6 2. d4 Nf6 3. Nc3 e5 4. Nf3 Nbd7 5. Bc4 Be7 6. O-O O-O 7. Re1 c6 8. a4
b6 9. b3 Bb7 10. Bb2 Qc7 11. dxe5 dxe5 12. Qe2 Bb4 13. Red1 Rfe8 14. Ng5 Bxc3
15. Bxc3 Re7 16. f3 b5 17. Bd3 a6 18. Nh3 Ree8 19. Nf2 Rad8 20. Qe3 Nf8 21.
axb5 cxb5 22. Ba5 Qc6 23. Bxd8 Rxd8 24. Rac1 Ne6 25. c3 Nc5 26. Bc2 Rxd1+ 27.
Rxd1 h6 28. Nd3 Nfd7 29. Nb4 Qe6 30. Nd5 Bxd5 31. Rxd5 Qc6 32. b4 Ne6 33. Bb3
Nb6 34. Rxe5 Nc4 35. Bxc4 Qxc4 36. Rd5 Qa2 37. Qd2 Qa1+ 38. Kf2 Kf8 39. Rd8+
Ke7 40. Rd7+ Kf8 41. Rd8+ Ke7 42. Qd6+ Kf6 43. e5+ Kf5 44. Qd3+ Kxe5 45. Rd5+
Kf6 46. g4 Qh1 47. Rf5+ Ke7 48. Qf1 Qxh2+ 49. Ke3 Qd6 50. Qd3 g6 51. Qxd6+ Kxd6
52. Rxf7 Kd5 53. Re7 Ng5 54. f4 Nh3 55. Re5+ Kc4 56. Rc5+ Kb3 57. Rc6 Kb2 58.
Rxg6 Kxc3 59. Rxh6 Kxb4 60. Rxh3 a5 61. g5 a4 62. g6 a3 63. Rh2 Kb3 64. g7 a2
65. g8=Q+ Kc3 66. Qxa2 1-0

[Event "XIV Weekend B"]
[Site "Nichelino ITA"]
[Date "2013.10.04"]
[Round "1"]
[White "Matta, Francesca"]
[Black "Fassio, Francesco"]
[WhiteElo "1898"]
[BlackElo "1646"]
[Result "0-1"]
[PlyCount "120"]
[EventDate "2013.10.04"]

1. d4 d5 2. c4 c6 3. Nf3 Nf6 4. Nc3 e6 5. e3 Nbd7 6. Bd3 Be7 7. O-O O-O 8. Bd2
b6 9. Qc2 h6 10. Rac1 Bb7 11. Ne2 c5 12. cxd5 exd5 13. dxc5 bxc5 14. Ng3 Re8
15. Rfd1 Rc8 16. Nh4 Ne4 17. Nxe4 dxe4 18. Bxe4 Bxe4 19. Qxe4 Bxh4 20. Qf5 Ne5
21. Qh5 Qe7 22. Ba5 Bf6 23. Rd5 c4 24. Rcd1 Nd3 25. b3 cxb3 26. axb3 Ne5 27. h3
Qa3 28. b4 Rc1 29. Qe2 Rxd1+ 30. Rxd1 Nc6 31. Qb5 Qc3 32. Rd3 Qc1+ 33. Kh2 Rb8
34. Qa4 Be5+ 35. g3 Nxa5 36. Qxa5 Qb2 37. Qd5 Qxf2+ 38. Qg2 Bxg3+ 39. Kh1 Qe1+
40. Qg1 Qxg1+ 41. Kxg1 Rxb4 42. Rd8+ Kh7 43. Rd7 a5 44. Rxf7 a4 45. Ra7 Re4 46.
Kg2 Bd6 47. Ra6 Bf8 48. Kf3 Rc4 49. Ra8 Kg8 50. e4 a3 51. Kf4 Kf7 52. Kf5 Rc2
53. Ra7+ Kg8 54. e5 a2 55. Ra8 Rf2+ 56. Kg6 Rg2+ 57. Kf5 Kh7 58. e6 Be7 59. Ke5
a1=Q+ 60. Rxa1 Bf6+ 0-1

[Event "XIV Weekend B"]
[Site "Nichelino ITA"]
[Date "2013.10.04"]
[Round "1"]
[White "Sega, Maurizio"]
[Black "Adda, Roberto"]
[WhiteElo "1371"]
[BlackElo "1664"]
[Result "0-1"]
[PlyCount "66"]
[EventDate "2013.10.04"]

1. d4 e6 2. c4 d5 3. Nc3 Nf6 4. Nf3 Be7 5. e3 c6 6. Qc2 Nbd7 7. c5 Qc7 8. g3
O-O 9. Bg2 e5 10. O-O e4 11. Ne1 b6 12. Na4 Ba6 13. Qd1 Bxf1 14. Bxf1 bxc5 15.
Nc2 cxd4 16. Nxd4 Ne5 17. Bg2 Rab8 18. Bd2 Nd3 19. Ba5 Qxa5 20. Nxc6 Qc7 21.
Qc2 Rfc8 22. a3 Qxc6 23. Qxc6 Rxc6 24. Rb1 Bxa3 25. b3 Rc1+ 26. Rxc1 Nxc1 27.
b4 Bxb4 28. h3 Nd3 29. f3 Bd6 30. f4 Rb4 31. Nc3 Bc5 32. Nxd5 Nxd5 33. h4 Nxe3
0-1

[Event "XIV Weekend B"]
[Site "Nichelino ITA"]
[Date "2013.10.04"]
[Round "1"]
[White "Slav, Nicolai"]
[Black "Malano, Francesco"]
[WhiteElo "1642"]
[BlackElo "1872"]
[Result "1/2-1/2"]
[PlyCount "180"]
[EventDate "2013.10.04"]

1. Nf3 d5 2. g3 c5 3. Bg2 Nc6 4. O-O e6 5. d3 Bd6 6. e4 Nge7 7. Nbd2 O-O 8. Re1
Qc7 9. Nh4 f6 10. f4 Bd7 11. Nhf3 Rae8 12. Qe2 Ng6 13. Qd1 d4 14. Nc4 Be7 15.
a4 b6 16. Bd2 e5 17. f5 Nh8 18. Nh4 Rd8 19. Qh5 Be8 20. Qg4 Qd7 21. Bf3 h5 22.
Qh3 g5 23. Ng2 Rf7 24. Bxh5 Rh7 25. Bxe8 Rxh3 26. Bxd7 Rxd7 27. Re2 Bf8 28. g4
Rhh7 29. Ne1 Nf7 30. Kg2 Nd6 31. Nxd6 Bxd6 32. Nf3 Nb4 33. Bxb4 cxb4 34. b3 Rc7
35. Kg3 Rc8 36. h4 Be7 37. Rh1 gxh4+ 38. Rxh4 Rxh4 39. Kxh4 Kf7 40. g5 fxg5+
41. Nxg5+ Bxg5+ 42. Kxg5 Rg8+ 43. Kh4 Kf6 44. Rf2 Rg1 45. Kh3 Re1 46. Rg2 Rc1
47. Rg6+ Kf7 48. Rc6 Ke7 49. Re6+ Kf7 50. Rc6 Ke7 51. Rc7+ Kf6 52. Rxa7 Rxc2
53. Rb7 Rc3 54. Rxb6+ Kf7 55. Rxb4 Rxd3+ 56. Kg2 Re3 57. Rb7+ Kf6 58. Rb6+ Kf7
59. a5 Rxe4 60. Rd6 Rf4 61. f6 d3 62. Rxd3 Rg4+ 63. Rg3 Rf4 64. Rf3 Rb4 65. a6
Rb6 66. a7 Ra6 67. Rf5 Rxa7 68. Rxe5 Kxf6 69. Re3 Re7 70. Rd3 Re5 71. Kf3 Ke6
72. Rd4 Rb5 73. Rd3 Ke5 74. Ke3 Rd5 75. Rc3 Kd6 76. Rc4 Rb5 77. Rc3 Re5+ 78.
Kd4 Rd5+ 79. Ke4 Re5+ 80. Kd3 Rd5+ 81. Kc2 Rc5 82. Rxc5 Kxc5 83. Kc3 Kb5 84. b4
Kb6 85. Kc4 Kc6 86. b5+ Kb7 87. Kc5 Kc7 88. b6+ Kb8 89. Kc6 Kc8 90. Kc5 Kb8
1/2-1/2

[Event "XIV Weekend B"]
[Site "Nichelino ITA"]
[Date "2013.10.05"]
[Round "2"]
[White "Adda, Roberto"]
[Black "Castelli, Giovanni J."]
[WhiteElo "1664"]
[BlackElo "1825"]
[Result "1-0"]
[PlyCount "59"]
[EventDate "2013.10.04"]

1. e4 e5 2. Nf3 Nc6 3. Nc3 Bc5 4. Nxe5 Bxf2+ 5. Kxf2 Nxe5 6. d4 Qf6+ 7. Kg1 Ng4
8. Qd2 c6 9. h3 N4h6 10. g4 Ne7 11. Bg2 Nhg8 12. e5 Qe6 13. Ne4 Ng6 14. Nd6+
Kd8 15. Kh2 Nh6 16. Rf1 Ne7 17. Be4 f6 18. g5 fxg5 19. Qxg5 Kc7 20. Qxg7 Rg8
21. Qxh6 Qxh6 22. Bxh6 b6 23. Rf7 Ng6 24. Rxh7 Nf8 25. Rf7 Ne6 26. c3 Ba6 27.
Bf5 Kd8 28. Bxe6 dxe6 29. c4 Bc8 30. Raf1 1-0

[Event "XIV Weekend B"]
[Site "Nichelino ITA"]
[Date "2013.10.05"]
[Round "2"]
[White "Doromeychuk, Anton"]
[Black "Revello, Beatrice"]
[WhiteElo "1820"]
[BlackElo "1671"]
[Result "1-0"]
[PlyCount "75"]
[EventDate "2013.10.04"]

1. d4 d5 2. c4 e6 3. Nc3 Nf6 4. Nf3 c6 5. Bg5 Be7 6. e3 Nbd7 7. Bd3 O-O 8. O-O
Qc7 9. Qc2 h6 10. Bh4 Re8 11. c5 Nh5 12. Bxe7 Rxe7 13. e4 Nf4 14. e5 Nxd3 15.
Qxd3 b6 16. b4 bxc5 17. bxc5 Qa5 18. Qc2 Nf8 19. Nd2 Ng6 20. Nb3 Qd8 21. f4 Re8
22. Ne2 Ba6 23. Rf3 Nh4 24. Rh3 Bxe2 25. Qxe2 Ng6 26. Rf1 f5 27. Qh5 Nh8 28. g4
fxg4 29. Qxg4 Kh7 30. Kh1 g6 31. Nd2 Rb8 32. Nf3 Rb7 33. Ng5+ Kg8 34. Rxh6 Qe7
35. Qh3 Qg7 36. Nxe6 Rxe6 37. Qxe6+ Kf8 38. Rxh8+ 1-0

[Event "XIV Weekend B"]
[Site "Nichelino ITA"]
[Date "2013.10.05"]
[Round "2"]
[White "Macario, Marco"]
[Black "Siviero, Mattia"]
[WhiteElo "1839"]
[BlackElo "1720"]
[Result "1-0"]
[PlyCount "49"]
[EventDate "2013.10.04"]

1. e4 c6 2. d4 d5 3. Nd2 dxe4 4. Nxe4 Bf5 5. Ng3 Bg6 6. Nf3 Nd7 7. Bd3 Bxd3 8.
Qxd3 e6 9. Bf4 Qa5+ 10. c3 Ngf6 11. O-O O-O-O 12. b4 Qa4 13. Ng5 e5 14. Bd2 Re8
15. Nxf7 Rg8 16. Nf5 Kb8 17. dxe5 Nd5 18. Rfe1 g6 19. Qg3 Ka8 20. e6 N7f6 21.
N5d6 Bxd6 22. Qxd6 Qc2 23. Be3 Ne4 24. Qe5 Qxc3 25. Qxe4 1-0

[Event "XIV Weekend B"]
[Site "Nichelino ITA"]
[Date "2013.10.05"]
[Round "2"]
[White "Moschetto, Giuliano"]
[Black "Fornasir, Carlo Gustavo"]
[WhiteElo "1734"]
[BlackElo "1870"]
[Result "0-1"]
[PlyCount "108"]
[EventDate "2013.10.04"]

1. d4 Nf6 2. Bf4 e6 3. e3 d5 4. Bd3 Bd6 5. Bxd6 Qxd6 6. c3 Nbd7 7. f4 c5 8. Nd2
b6 9. Ngf3 Bb7 10. Ne5 Ne4 11. Bb5 Nef6 12. Ndf3 O-O 13. Nxd7 Nxd7 14. O-O Nf6
15. Nd2 a5 16. g4 Ba6 17. Bxa6 Rxa6 18. Qe2 c4 19. g5 Nd7 20. e4 f6 21. e5 fxe5
22. fxe5 Qe7 23. Rxf8+ Nxf8 24. Qg4 Ra8 25. Rf1 Ng6 26. h4 Rf8 27. Rxf8+ Nxf8
28. h5 Qf7 29. Nf1 g6 30. h6 Qf5 31. Qxf5 gxf5 32. Nd2 Kf7 33. b3 b5 34. bxc4
bxc4 35. Kf2 Kg6 36. Nf3 Nd7 37. Ke2 Nb6 38. Kd2 a4 39. a3 Nd7 40. Ke3 Nb8 41.
Kf4 Nc6 42. Nh4+ Kh5 43. g6 Kxh6 44. gxh7 Kxh7 45. Nf3 Kg6 46. Nh4+ Kf7 47. Nf3
Na5 48. Ng5+ Ke7 49. Ke3 Nb3 50. Nh3 Nc1 51. Nf4 Nb3 52. Ke2 Na5 53. Ng2 Nc6
54. Ne1 Na7 0-1

[Event "XIV Weekend B"]
[Site "Nichelino ITA"]
[Date "2013.10.05"]
[Round "2"]
[White "Onida, Davide"]
[Black "Buffa, Sabarino Pietro"]
[WhiteElo "1794"]
[BlackElo "1654"]
[Result "1-0"]
[PlyCount "59"]
[EventDate "2013.10.04"]

1. e4 e6 2. d4 d5 3. e5 c5 4. c3 Nc6 5. Nf3 Qb6 6. a3 Nh6 7. b4 cxd4 8. cxd4
Nf5 9. Bb2 Bd7 10. Be2 Be7 11. O-O O-O 12. Ra2 f6 13. Bd3 Rac8 14. Bxf5 exf5
15. Nc3 Be6 16. exf6 Bxf6 17. Na4 Qc7 18. Nc5 Rfe8 19. Ba1 b6 20. Nd3 Bf7 21.
Rc2 Qd6 22. Nde5 Bh5 23. Qd3 Nxd4 24. Rxc8 Nxf3+ 25. Nxf3 Rxc8 26. Qxf5 Qc7 27.
Qxh5 Bxa1 28. Qxd5+ Kh8 29. Rxa1 Qc1+ 30. Qd1 1-0

[Event "XIV Weekend B"]
[Site "Nichelino ITA"]
[Date "2013.10.05"]
[Round "3"]
[White "Benazzo, Angelo"]
[Black "Doromeychuk, Anton"]
[WhiteElo "1763"]
[BlackElo "1820"]
[Result "0-1"]
[PlyCount "104"]
[EventDate "2013.10.04"]

1. Nf3 d5 2. g3 Nc6 3. d4 Bf5 4. c3 e6 5. Bg2 Bd6 6. Nbd2 Nge7 7. O-O f6 8. Re1
Be4 9. Nxe4 dxe4 10. Nd2 f5 11. Nc4 Nd5 12. Qb3 Rb8 13. Ne3 Na5 14. Qc2 b5 15.
b3 O-O 16. Nxd5 exd5 17. e3 Rf6 18. Bd2 c6 19. Reb1 h5 20. a4 b4 21. cxb4 Bxb4
22. Bxb4 Rxb4 23. Rb2 Qb6 24. Rab1 Rf7 25. Bf1 h4 26. Be2 hxg3 27. fxg3 Rb7 28.
Rf1 Rxb3 29. Rxb3 Qxb3 30. Qc1 g6 31. g4 Rf7 32. gxf5 gxf5 33. Bd1 Qa2 34. Rf2
Rg7+ 35. Kf1 Qc4+ 36. Qxc4 Nxc4 37. Ke2 Rg4 38. a5 Nxa5 39. Ba4 Kf7 40. Kd2 Ke6
41. Kc3 Kd6 42. Rc2 Rh4 43. Rg2 Kc7 44. Kb4 Kb6 45. Rg8 Rh3 46. Rb8+ Nb7 47.
Rc8 a5+ 48. Kc3 Rxe3+ 49. Kd2 Rd3+ 50. Kc2 Rxd4 51. Rxc6+ Ka7 52. h4 Rxa4 0-1

[Event "XIV Weekend B"]
[Site "Nichelino ITA"]
[Date "2013.10.05"]
[Round "3"]
[White "Fornasir, Carlo Gustavo"]
[Black "Onida, Davide"]
[WhiteElo "1870"]
[BlackElo "1794"]
[Result "1-0"]
[PlyCount "99"]
[EventDate "2013.10.04"]

1. e4 d5 2. exd5 Qxd5 3. Nc3 Qa5 4. Nf3 Bf5 5. d4 c6 6. Bd3 Bxd3 7. Qxd3 Nf6 8.
O-O e6 9. Bd2 Qd8 10. Rad1 Be7 11. Bg5 Nbd7 12. Ne4 Nxe4 13. Bxe7 Qxe7 14. Qxe4
Nf6 15. Qe5 O-O 16. Rfe1 Rad8 17. Qa5 b6 18. Qa4 Qc7 19. Rd3 a5 20. Rc3 Rd6 21.
Ne5 Rc8 22. Rd3 b5 23. Qb3 a4 24. Qc3 Nd5 25. Qd2 f6 26. Nf3 Rd7 27. g3 Re7 28.
b3 axb3 29. axb3 b4 30. Nh4 Ra8 31. Ng2 Qd6 32. Ne3 Nc3 33. Nd1 Nb1 34. Qc1 Na3
35. Nb2 Nb5 36. Nc4 Qd5 37. Qd2 Nc3 38. Rde3 Ra2 39. Rxe6 Rxe6 40. Rxe6 Ra1+
41. Re1 Ne4 42. Qe3 Rxe1+ 43. Qxe1 Qxd4 44. Kg2 Kf7 45. Kf1 c5 46. Qxe4 Qa1+
47. Ke2 g6 48. Ne3 Qd4 49. Qxd4 cxd4 50. Nd5 1-0

[Event "XIV Weekend B"]
[Site "Nichelino ITA"]
[Date "2013.10.05"]
[Round "3"]
[White "Gallo, Ivan"]
[Black "Alaimo, Cristian"]
[WhiteElo "1755"]
[BlackElo "1578"]
[Result "0-1"]
[PlyCount "54"]
[EventDate "2013.10.04"]

1. f4 d5 2. g3 Nc6 3. Bg2 e5 4. e3 Nf6 5. Nc3 Bg4 6. Nge2 e4 7. h3 Be6 8. d3
exd3 9. cxd3 Bb4 10. a3 Ba5 11. b4 Bb6 12. Na4 h5 13. Nxb6 cxb6 14. Bb2 Rc8 15.
b5 Na5 16. Nd4 Qd7 17. Rc1 O-O 18. Rxc8 Rxc8 19. Nxe6 Qxe6 20. Kf2 d4 21. Bxd4
Qa2+ 22. Kg1 Rc2 23. Qf3 Nb3 24. Bxf6 gxf6 25. Kh2 Nd2 26. Qxb7 Rc7 27. Qxc7
Nf3# 0-1

[Event "XIV Weekend B"]
[Site "Nichelino ITA"]
[Date "2013.10.05"]
[Round "3"]
[White "Gussone, Claudio"]
[Black "Macario, Marco"]
[WhiteElo "1774"]
[BlackElo "1839"]
[Result "0-1"]
[PlyCount "108"]
[EventDate "2013.10.04"]

1. Nf3 c5 2. g3 Nc6 3. c4 Nf6 4. Bg2 g6 5. b3 Bg7 6. Bb2 d6 7. O-O O-O 8. d4
cxd4 9. Nxd4 Bd7 10. Nxc6 Bxc6 11. Bxc6 bxc6 12. Nd2 Qb6 13. Nf3 a5 14. Qc2
Rfc8 15. Bc3 c5 16. Rab1 Qc6 17. a3 Qe4 18. Qd3 Qxd3 19. exd3 e5 20. Nd2 Ne8
21. f4 exf4 22. Bxg7 Kxg7 23. Rxf4 f5 24. d4 Nf6 25. dxc5 dxc5 26. Rf2 Re8 27.
Nf3 Ne4 28. Re2 Red8 29. Rbe1 Rd3 30. Re3 Rad8 31. Kg2 Kf6 32. h4 Rxe3 33. Rxe3
Rd1 34. Kh3 Ra1 35. a4 Ra2 36. g4 Nf2+ 37. Kg3 Nxg4 38. Rd3 Re2 39. Kf4 Nf2 40.
Rd6+ Ke7 41. Rb6 Nd3+ 42. Kg5 Rb2 43. Rb7+ Ke6 44. Rb6+ Kd7 45. Rb7+ Kd6 46.
Rxh7 Rxb3 47. Kxg6 Ne5+ 48. Nxe5 Kxe5 49. Kg7 f4 50. h5 Rb7+ 51. Kg8 Rxh7 52.
Kxh7 f3 53. Kg7 f2 54. h6 f1=Q 0-1

[Event "XIV Weekend B"]
[Site "Nichelino ITA"]
[Date "2013.10.05"]
[Round "3"]
[White "Malano, Francesco"]
[Black "Adda, Roberto"]
[WhiteElo "1872"]
[BlackElo "1664"]
[Result "1-0"]
[PlyCount "55"]
[EventDate "2013.10.04"]

1. Nf3 e6 2. d4 Nf6 3. c4 d5 4. g3 c6 5. Bg2 dxc4 6. O-O Bd6 7. Qc2 b5 8. a4
Bb7 9. e4 Be7 10. Rd1 a6 11. Nc3 O-O 12. d5 exd5 13. exd5 Qc7 14. Bf4 Qb6 15.
d6 Bd8 16. Ne5 Nbd7 17. a5 Qc5 18. Nxd7 Nxd7 19. Ne4 Qh5 20. Nd2 Re8 21. Bf3
Qc5 22. Ne4 Qf5 23. Bg2 Kh8 24. Re1 c5 25. Nxc5 Rxe1+ 26. Rxe1 Be4 27. Bxe4
Qxc5 28. Bxa8 1-0

[Event "XIV Weekend B"]
[Site "Nichelino ITA"]
[Date "2013.10.06"]
[Round "4"]
[White "Alaimo, Cristian"]
[Black "Malano, Francesco"]
[WhiteElo "1578"]
[BlackElo "1872"]
[Result "0-1"]
[PlyCount "120"]
[EventDate "2013.10.04"]

1. e4 d6 2. d4 Nf6 3. Bd3 c6 4. Ne2 e5 5. c3 Bg4 6. Bg5 Be7 7. O-O O-O 8. Nd2
Nbd7 9. Qc2 Re8 10. f3 Bh5 11. Ng3 Bg6 12. Kh1 Nh5 13. Nxh5 Bxg5 14. f4 Bh6 15.
fxe5 dxe5 16. Ng3 c5 17. d5 Nb6 18. Nf5 Bg5 19. Nf3 Bf6 20. c4 Nc8 21. a3 Nd6
22. Nxd6 Qxd6 23. Be2 Rad8 24. Nd2 Bg5 25. Nf3 Be7 26. Nd2 Qd7 27. h3 Bg5 28.
Bg4 Qe7 29. Nb3 b6 30. Bf5 Bf4 31. Bxg6 hxg6 32. Qd3 Qh4 33. Qf3 Rd6 34. Qg4
Qh6 35. g3 f5 36. Qh4 Qxh4 37. gxh4 fxe4 38. Kg1 Kf7 39. Nd2 e3 40. Ne4 Rd7 41.
Rae1 Ke7 42. Ng5 Rh8 43. Ne6 Rxh4 44. Nxg7 Kf6 45. Ne6 Ke7 46. Re2 Kd6 47. Rf3
Rdh7 48. Nf8 R7h6 49. Ne6 g5 50. Kf1 e4 51. Rfxe3 Bxe3 52. Rxe3 g4 53. Rxe4
gxh3 54. Ng5 Rxe4 55. Nxe4+ Ke5 56. Ng3 Rf6+ 57. Kg1 Rf3 58. Kh2 Rf2+ 59. Kxh3
Rxb2 60. Kg4 Rc2 0-1

[Event "XIV Weekend B"]
[Site "Nichelino ITA"]
[Date "2013.10.06"]
[Round "4"]
[White "Bergero, Simone"]
[Black "Benazzo, Angelo"]
[WhiteElo "1859"]
[BlackElo "1763"]
[Result "0-1"]
[PlyCount "58"]
[EventDate "2013.10.04"]

1. d4 Nf6 2. Bg5 g6 3. Bxf6 exf6 4. e3 Bg7 5. Nf3 b6 6. c4 Bb7 7. Nbd2 O-O 8.
Bd3 Re8 9. O-O f5 10. Qb3 Nc6 11. c5 Na5 12. Qc3 Rc8 13. b4 Nc6 14. a3 Ne7 15.
Bc4 Bd5 16. Bxd5 Nxd5 17. Qb3 Nf6 18. cxb6 axb6 19. Ne5 Qe7 20. Rfc1 Ng4 21.
Nxg4 fxg4 22. b5 h5 23. Rc4 h4 24. Rac1 g3 25. hxg3 hxg3 26. Rxc7 Rxc7 27. Rxc7
Bxd4 28. Qd5 gxf2+ 29. Kxf2 Qxe3+ 0-1

[Event "XIV Weekend B"]
[Site "Nichelino ITA"]
[Date "2013.10.06"]
[Round "4"]
[White "Doromeychuk, Anton"]
[Black "Slav, Nicolai"]
[WhiteElo "1820"]
[BlackElo "1642"]
[Result "1-0"]
[PlyCount "59"]
[EventDate "2013.10.04"]

1. c4 c5 2. g3 g6 3. Bg2 Bg7 4. Nc3 Nc6 5. Nf3 e6 6. e4 Nge7 7. O-O O-O 8. d3
d5 9. Qe2 b6 10. e5 Bb7 11. g4 a6 12. Bg5 Qd7 13. Rfe1 Nb8 14. Rad1 d4 15. Ne4
Bxe4 16. Qxe4 Nec6 17. Qf4 f6 18. exf6 Qf7 19. Ne5 Nxe5 20. Qxe5 Ra7 21. fxg7
Qxf2+ 22. Kh1 Re8 23. Rf1 Nd7 24. Rxf2 Nxe5 25. Bh6 Rf7 26. Rxf7 Nxf7 27. g5
Nxh6 28. gxh6 Rb8 29. Bh3 Re8 30. Rf1 1-0

[Event "XIV Weekend B"]
[Site "Nichelino ITA"]
[Date "2013.10.06"]
[Round "4"]
[White "Macario, Marco"]
[Black "Fornasir, Carlo Gustavo"]
[WhiteElo "1839"]
[BlackElo "1870"]
[Result "0-1"]
[PlyCount "84"]
[EventDate "2013.10.04"]

1. e4 c5 2. Nc3 Nc6 3. Bb5 Qc7 4. Nge2 Nf6 5. d3 a6 6. Bxc6 Qxc6 7. Ng3 d6 8.
Bg5 e6 9. Bxf6 gxf6 10. Qf3 f5 11. Nh5 Be7 12. Qg3 Kd8 13. Qg7 Qe8 14. Nf6 Qf8
15. Qxf8+ Rxf8 16. Nh5 fxe4 17. Nxe4 f5 18. Nc3 Rg8 19. O-O b5 20. Rfe1 Bb7 21.
g3 e5 22. f4 Bf3 23. fxe5 Bxh5 24. exd6 Bxd6 25. Nd5 Bf7 26. c4 Bxd5 27. cxd5
f4 28. Re6 Kd7 29. Rh6 Rae8 30. Rxh7+ Re7 31. Rh6 fxg3 32. hxg3 Rxg3+ 33. Kf2
Rxd3 34. Rg1 Rd2+ 35. Kf3 Rxd5 36. Rg8 a5 37. Ra8 Bc7 38. Ra7 Rd6 39. Rh5 Kc6
40. Ra8 Rf6+ 41. Kg4 Rg7+ 42. Kh3 Rf1 0-1

[Event "XIV Weekend B"]
[Site "Nichelino ITA"]
[Date "2013.10.06"]
[Round "4"]
[White "Moschetto, Giuliano"]
[Black "Carfagna, Alex"]
[WhiteElo "1734"]
[BlackElo "1855"]
[Result "0-1"]
[PlyCount "52"]
[EventDate "2013.10.04"]

1. d4 d5 2. Bf4 e6 3. e3 Bd6 4. Bxd6 Qxd6 5. c3 Nf6 6. f4 c5 7. h3 Ne4 8. Bb5+
Nc6 9. Bxc6+ bxc6 10. Nd2 Ng3 11. Rh2 cxd4 12. cxd4 Nf5 13. Qb3 O-O 14. Ngf3
Rb8 15. Qc3 Qb4 16. O-O-O Nxe3 17. Re1 Nf5 18. g4 Qxc3+ 19. bxc3 Ne7 20. Nb3
Ng6 21. Ne5 Nxf4 22. Re3 Rb7 23. Na5 Rc7 24. Naxc6 f6 25. Kd2 fxe5 26. Nxe5 Ng6
0-1

[Event "XIV Weekend B"]
[Site "Nichelino ITA"]
[Date "2013.10.06"]
[Round "5"]
[White "Benazzo, Angelo"]
[Black "Adda, Roberto"]
[WhiteElo "1763"]
[BlackElo "1664"]
[Result "1/2-1/2"]
[PlyCount "109"]
[EventDate "2013.10.04"]

1. Nf3 e6 2. g3 Nf6 3. Bg2 d5 4. d3 Bd6 5. Nbd2 c5 6. e4 dxe4 7. dxe4 Be7 8.
O-O Nc6 9. c3 Qc7 10. Qc2 e5 11. h3 b5 12. Rd1 Rb8 13. Nf1 O-O 14. Ne3 Rd8 15.
Bd2 Bb7 16. g4 Bc8 17. g5 Nh5 18. Nd5 Qb7 19. Nh2 Be6 20. Ng4 Bd6 21. Be3 Bxg4
22. hxg4 Nf4 23. Rd2 Nxg2 24. Kxg2 Qc8 25. Qd1 Ne7 26. Qf3 Nxd5 27. exd5 Qa6
28. Qe4 b4 29. c4 Qc8 30. b3 Ra8 31. Rh1 g6 32. f3 Rf8 33. Kf1 f5 34. gxf6 Rxf6
35. Rdh2 Rf7 36. g5 Rg7 37. Ke2 Qd7 38. Bc1 Rf8 39. Kd3 Qf5 40. Qxf5 Rxf5 41.
Ke4 Rgf7 42. Rh3 a6 43. Rg1 a5 44. a3 bxa3 45. Bxa3 Rb7 46. Bc1 Rxb3 47. Bd2
Kh8 48. Ra1 Bc7 49. Rah1 Rf7 50. Be3 Rb4 51. Kd3 Rb3+ 52. Ke4 Rc3 53. Ra1 Rxc4+
54. Kd3 Rb4 55. Bxc5 1/2-1/2

[Event "XIV Weekend B"]
[Site "Nichelino ITA"]
[Date "2013.10.06"]
[Round "5"]
[White "Carfagna, Alex"]
[Black "Malano, Francesco"]
[WhiteElo "1855"]
[BlackElo "1872"]
[Result "0-1"]
[PlyCount "132"]
[EventDate "2013.10.04"]

1. e4 d6 2. d4 Nf6 3. Nc3 c6 4. Be3 Nbd7 5. Qd2 e5 6. Bc4 b5 7. Bd3 a6 8. Nf3
Be7 9. h3 Qc7 10. O-O O-O 11. Bg5 Re8 12. Rfe1 Bb7 13. Nd1 Rad8 14. c3 h6 15.
Bh4 Nf8 16. Bg3 Ng6 17. Qc2 Nh5 18. Ne3 Ngf4 19. Nf1 Bc8 20. Bxf4 Nxf4 21. Ng3
Bf8 22. Bf1 g6 23. Rad1 Qe7 24. dxe5 dxe5 25. Rxd8 Rxd8 26. Rd1 Rxd1 27. Qxd1
Qf6 28. Nh2 h5 29. Ne2 Be6 30. a3 Be7 31. Qd2 Nxe2+ 32. Bxe2 Qg5 33. Qxg5 Bxg5
34. Nf3 Bf4 35. Ne1 Bd2 36. Kf1 f6 37. a4 Bb3 38. axb5 axb5 39. Nd3 Kf7 40. Bf3
Bc4 41. Be2 Ke7 42. Nb4 Kd6 43. Bxc4 bxc4 44. Na2 Kc5 45. Ke2 Bh6 46. Kd1 Kb5
47. Nb4 Bf8 48. Nc2 Ka4 49. Na1 Bc5 50. f3 Be3 51. Kc2 c5 52. b3+ cxb3+ 53.
Nxb3 c4 54. Na1 Ka3 55. Kb1 Bd2 56. Nc2+ Kb3 57. Nb4 Kxc3 58. Nd5+ Kd3 59. g4
c3 60. Nb4+ Ke2 61. Nd5 Kd1 62. Nb4 h4 63. Nc2 Ke2 64. Nb4 Kxf3 65. Nd5 Kxe4
66. Nxf6+ Kd3 0-1

[Event "XIV Weekend B"]
[Site "Nichelino ITA"]
[Date "2013.10.06"]
[Round "5"]
[White "Castelli, Giovanni J."]
[Black "Macario, Marco"]
[WhiteElo "1825"]
[BlackElo "1839"]
[Result "1-0"]
[PlyCount "127"]
[EventDate "2013.10.04"]

1. e4 c5 2. Nf3 e6 3. d4 cxd4 4. Nxd4 Nc6 5. Be2 Qc7 6. O-O Nf6 7. Nc3 a6 8. a3
Be7 9. Be3 b5 10. f4 Bb7 11. e5 Nxd4 12. Qxd4 Nd5 13. Nxd5 Bxd5 14. Rac1 Rc8
15. Rfd1 Qb7 16. Bf1 f5 17. Qb6 Qxb6 18. Bxb6 d6 19. a4 dxe5 20. axb5 axb5 21.
Bxb5+ Bc6 22. Bxc6+ Rxc6 23. Ra1 Kf7 24. Be3 Rxc2 25. Ra7 Re8 26. Rdd7 exf4 27.
Bxf4 Kf8 28. Rxe7 Rxe7 29. Bd6 Rxb2 30. Bxe7+ Kg8 31. Bd6 Re2 32. Kf1 Re4 33.
Re7 g5 34. Kf2 h5 35. Re8+ Kg7 36. Ba3 h4 37. Bb2+ Kf7 38. Rh8 Rc4 39. Be5 Re4
40. Bc3 Rc4 41. Bd2 Rc2 42. Ke2 Kg7 43. Rh5 g4 44. Rxh4 Ra2 45. Kd3 Kf7 46.
Rh7+ Kf6 47. Rh6+ Kf7 48. Rh7+ Kg6 49. Re7 Kf6 50. Re8 Kf7 51. Rh8 Kg7 52. Re8
Kf7 53. Rb8 Kg6 54. Rb6 Kf7 55. Rc6 Ra3+ 56. Rc3 Ra2 57. Rc2 Ra3+ 58. Ke2 Ra4
59. Rc3 Ra2 60. Rd3 Kf6 61. h3 gxh3 62. gxh3 Ra4 63. Rg3 Rh4 64. Bg5+ 1-0

[Event "XIV Weekend B"]
[Site "Nichelino ITA"]
[Date "2013.10.06"]
[Round "5"]
[White "Crepaldi, Manuele"]
[Black "Slav, Nicolai"]
[WhiteElo "1800"]
[BlackElo "1642"]
[Result "1-0"]
[PlyCount "125"]
[EventDate "2013.10.04"]

1. e4 c5 2. b4 cxb4 3. d4 d5 4. e5 f6 5. Bd3 g6 6. Nf3 Bg7 7. a3 Nc6 8. Bf4 Nh6
9. exf6 exf6 10. O-O O-O 11. h3 Nf5 12. axb4 Nxb4 13. Bb5 Nd6 14. Ba4 b5 15.
Bb3 Nc4 16. Na3 a6 17. Nxb5 Rf7 18. c3 Nc6 19. Re1 Bb7 20. Na3 N6a5 21. Ba4 Nb2
22. Re8+ Qxe8 23. Bxe8 Nxd1 24. Bxf7+ Kxf7 25. Rxd1 Nc4 26. Rb1 Bc6 27. Nxc4
dxc4 28. Nd2 Bb5 29. Ne4 g5 30. Bc7 Ke6 31. Nc5+ Kd5 32. Re1 Bf8 33. Ne4 Kc6
34. Ba5 Re8 35. Kf1 Re6 36. g4 Kd5 37. Ng3 Rxe1+ 38. Kxe1 Be8 39. Bd8 Ke6 40.
Nf5 Bg6 41. Ne3 Bd3 42. Kd2 Be7 43. Ba5 f5 44. gxf5+ Bxf5 45. d5+ Ke5 46. Bc7+
Bd6 47. Bxd6+ Kxd6 48. Nxf5+ Kxd5 49. Ke3 a5 50. Nd4 a4 51. Nc2 h5 52. Kf3 g4+
53. hxg4 h4 54. g5 h3 55. Kg3 Ke4 56. g6 Kd3 57. g7 Kxc2 58. g8=Q Kxc3 59. Qg7+
Kb3 60. Qa1 c3 61. Qb1+ Kc4 62. Qc2 a3 63. Kxh3 1-0